| 000 | 00482nam a22001817a 4500 | ||
|---|---|---|---|
| 003 | CEME | ||
| 005 | 20210628205214.0 | ||
| 008 | 210216b xxu||||| |||| 00| 0 eng d | ||
| 020 | _a0-8053-7736-0 | ||
| 040 | _c. | ||
| 082 | _a004.6 STA'E | ||
| 100 |
_aStamper, David A _974411 |
||
| 245 | _aEssential of data communications | ||
| 260 |
_aNEWYORK _bADDISON WESLEY _c1997 |
||
| 300 | _aXVIII,36 | ||
| 650 |
_aCOMPUTER NETWORKS DATA TRANSMSSION SYSTEMS _974412 |
||
| 942 |
_cBK _2ddc |
||
| 999 |
_c579946 _d579946 |
||